| 000 | 00452nam a22001697a 4500 | ||
|---|---|---|---|
| 003 | CEME | ||
| 005 | 20210628205707.0 | ||
| 008 | 210315b xxu||||| |||| 00| 0 eng d | ||
| 040 | _c. | ||
| 082 | _a297.1247 WLY | ||
| 100 |
_aAmam Wali-Ud-Din Muhammad Bin Abdullah _976685 |
||
| 245 | _aMishkat sharif mutrajum | ||
| 260 |
_aLAHORE _bMAKTABA-E-RAHMANIA _c1997 |
||
| 300 | _a3 VOLS | ||
| 650 |
_aISLAM-HADITH-MISHKAT SHARIF _976686 |
||
| 942 |
_cBK _2ddc |
||
| 999 |
_c582036 _d582036 |
||